Autonomy movements and politics of regionalism in Northeast India/ (Record no. 7876)

MARC details
000 -LEADER
fixed length control field 00637 a2200193 4500
003 - CONTROL NUMBER IDENTIFIER
control field GBCCL
005 - DATE AND TIME OF LATEST TRANSACTION
control field 20241126110638.0
008 - FIXED-LENGTH DATA ELEMENTS--GENERAL INFORMATION
fixed length control field 181018b ||||| |||| 00| 0 eng d
020 ## - INTERNATIONAL STANDARD BOOK NUMBER
International Standard Book Number 9789385756245
040 ## - CATALOGING SOURCE
Transcribing agency gbc
082 ## - DEWEY DECIMAL CLASSIFICATION NUMBER
Classification number 320.9
Item number AUT
245 ## - TITLE STATEMENT
Title Autonomy movements and politics of regionalism in Northeast India/
Statement of responsibility, etc. edited by Jagadish K Patnaik and others
260 ## - PUBLICATION, DISTRIBUTION, ETC.
Place of publication, distribution, etc. Meerut :
Name of publisher, distributor, etc. Balaji,
Date of publication, distribution, etc. 2018
300 ## - PHYSICAL DESCRIPTION
Extent 596p. ;
650 ## - SUBJECT ADDED ENTRY--TOPICAL TERM
Topical term or geographic name entry element North east (India) -- Politics and government -- Sources.
9 (RLIN) 13746
650 ## - SUBJECT ADDED ENTRY--TOPICAL TERM
Topical term or geographic name entry element North east (India) -- History -- Sources.
9 (RLIN) 13747
650 ## - SUBJECT ADDED ENTRY--TOPICAL TERM
Topical term or geographic name entry element Politics and government
9 (RLIN) 13052
942 ## - ADDED ENTRY ELEMENTS (KOHA)
Source of classification or shelving scheme Dewey Decimal Classification
Koha item type Books
Holdings
Withdrawn status Lost status Source of classification or shelving scheme Damaged status Not for loan Home library Current Library Shelving location Date acquired Source of acquisition Cost, normal purchase price Total checkouts Full call number Barcode Date last seen Copy number Cost, replacement price Price effective from Koha item type
    Dewey Decimal Classification     GRACE BIBLE COLLEGE GRACE BIBLE COLLEGE General Studies 2018-10-16 12 1100.75   320.9 AUT 014893 2025-05-01 c.1 1295.00 2018-10-16 Books
© Grace Bible College Library 2025